Music Quiz

Random Music or Lyrics Quiz

Johnny and June Quiz Stats

 Plays Quiz not verified by Sporcle

Challenge
Share
Tweet
Embed
Score 0/295 Timer 10:00
0 Plays Today
% Correct
a
99.1%
a
99.1%
the
99.1%
And
99.1%
the
99.1%
and
99.1%
the
99.1%
the
99.1%
the
99.1%
and
99.1%
the
99.1%
the
99.1%
the
99.1%
And
99.1%
and
99.1%
a
99.1%
a
99.1%
a
99.1%
and
99.1%
the
99.1%
the
99.1%
the
99.1%
And
99.1%
and
99.1%
and
99.1%
and
99.1%
the
99.1%
the
99.1%
the
99.1%
And
99.1%
and
99.1%
and
99.1%
And
99.1%
A
99.1%
Johnny
93.5%
June
93.5%
Johnny
93.5%
June
93.5%
Johnny
93.5%
June
93.5%
Johnny
93.5%
June
93.5%
Johnny
93.5%
June
93.5%
Johnny
93.5%
June
93.5%
Johnny
93.5%
June
93.5%
Johnny
93.5%
June
93.5%
love
92.6%
love
92.6%
Love
92.6%
love
92.6%
love
92.6%
Love
92.6%
love
92.6%
love
92.6%
love
92.6%
Love
92.6%
love
92.6%
like
90.7%
Like
90.7%
like
90.7%
Like
90.7%
Like
90.7%
like
90.7%
like
90.7%
Like
90.7%
Like
90.7%
like
90.7%
to
89.8%
to
89.8%
you
89.8%
You
89.8%
you
89.8%
you
89.8%
you
89.8%
you
89.8%
to
89.8%
you
89.8%
to
89.8%
wanna
88%
wanna
88%
wanna
88%
wanna
88%
wanna
88%
wanna
88%
wanna
88%
wanna
88%
wanna
88%
wanna
88%
wanna
88%
wanna
88%
wanna
88%
wanna
88%
I
86.1%
I
86.1%
I
86.1%
% Correct
I
86.1%
I
86.1%
I
86.1%
I
86.1%
I
86.1%
I
86.1%
I
86.1%
I
86.1%
I
86.1%
I
86.1%
I
86.1%
I
86.1%
in
85.2%
want
85.2%
want
85.2%
of
85.2%
of
85.2%
in
85.2%
in
85.2%
of
85.2%
of
85.2%
in
85.2%
of
85.2%
of
85.2%
in
85.2%
of
85.2%
me
84.3%
with
83.3%
with
83.3%
with
83.3%
with
83.3%
be
80.6%
be
80.6%
fire
80.6%
walk
80.6%
Walk
80.6%
fire
80.6%
walk
80.6%
Walk
80.6%
be
80.6%
fire
80.6%
walk
80.6%
Walk
80.6%
be
80.6%
line
79.6%
line
79.6%
line
79.6%
line
79.6%
line
79.6%
line
79.6%
man
77.8%
black
77.8%
on
77.8%
Rings
77.8%
it
77.8%
it
77.8%
Rings
77.8%
it
77.8%
it
77.8%
Rings
77.8%
it
77.8%
it
77.8%
something
76.9%
bout
76.9%
Makes
76.9%
there
76.9%
too
76.9%
Make
76.9%
too
76.9%
there
76.9%
too
76.9%
make
76.9%
too
76.9%
too
76.9%
burnin
75.9%
time
75.9%
burnin
75.9%
time
75.9%
burnin
75.9%
time
75.9%
cadillac
75%
go
75%
go
75%
go
75%
theres
74.1%
buy
73.1%
end
72.2%
that
72.2%
when
72.2%
end
72.2%
that
72.2%
when
72.2%
that
72.2%
that
72.2%
end
72.2%
that
72.2%
when
72.2%
when
72.2%
that
72.2%
% Correct
down
71.3%
you're
71.3%
Down
71.3%
you're
71.3%
you're
71.3%
much
70.4%
all
70.4%
all
70.4%
gone
70.4%
much
70.4%
all
70.4%
all
70.4%
gone
70.4%
much
70.4%
much
70.4%
all
70.4%
all
70.4%
gone
70.4%
gone
70.4%
top
69.4%
Jackson
69.4%
up
69.4%
up
69.4%
up
69.4%
roll
68.5%
stage
68.5%
more
68.5%
Cash
68.5%
Give
68.5%
Cash
68.5%
Give
68.5%
More
68.5%
Cash
68.5%
Give
68.5%
town
67.6%
next
67.6%
crowd
67.6%
Oh
65.7%
back
65.7%
could
65.7%
kick
65.7%
Till
65.7%
Till
65.7%
Till
65.7%
Hear
64.8%
roar
64.8%
out
63.9%
They
63.9%
Is
63.9%
for
63%
footlights
62%
No
62%
no
62%
Throw
61.1%
em
61.1%
or
58.3%
don't
57.4%
anymore
56.5%
askin
55.6%
ya
53.7%
right
53.7%
ya
53.7%
ya
53.7%
wrong
52.8%
one
52.8%
we're
52.8%
country
51.9%
song
51.9%
history
51.9%
baby
50.9%
sweet
50.9%
hold
50%
rage
49.1%
world
48.1%
around
48.1%
Pray
48.1%
prayer
48.1%
life
48.1%
Build
47.2%
remember
47.2%
remember
47.2%
I'll
46.3%
Follow
46.3%
tears
46.3%
cry
46.3%
than
44.4%
there'll
43.5%
our
43.5%
else
41.7%
memories
41.7%
promise
40.7%
itself
39.8%
Only
39.8%
lives
39.8%
This
38.9%
They'll
38.9%
endless
25.9%

You're not logged in!

Compare scores with friends on all Sporcle quizzes.
Join for Free
OR
Log In

You Might Also Like...

Show Comments

Extras

Top Quizzes Today


Score Distribution

Your Account Isn't Verified!

In order to create a playlist on Sporcle, you need to verify the email address you used during registration. Go to your Sporcle Settings to finish the process.

Report this User

Report this user for behavior that violates our Community Guidelines.

Details: